Razonamiento: espacial, lógico, numérico, verbal, temporal y consecuencial educación primaria

Sábháilte in:
Sonraí bibleagrafaíochta
Príomhchruthaitheoir: Vallés Arándiga, Antonio (Údar)
Formáid: LEABHAR
Teanga:Spáinnis
Foilsithe / Cruthaithe: Madrid Escuela Española 1995
Ábhair:
Clibeanna: Cuir clib leis
Níl clibeanna ann, Bí ar an gcéad duine le clib a chur leis an taifead seo!

MARC

LEADER 00000nam a2200000 a 4500
001 UCP0947
003 CL-VaPUC
008 990326e19950000SP |||||||||||||||||spa|d
082 0 4 |a 370.15  |b VAL  |2 21 
100 0 |a Vallés Arándiga, Antonio  |e author  |9 426642 
245 1 0 |a Razonamiento: espacial, lógico, numérico, verbal, temporal y consecuencial educación primaria 
300 |a 2 v 
942 |c BK 
945 |d 19990326 00:00:00  |a rbrito 
260 |a Madrid  |b Escuela Española  |c 1995 
650 0 |a Psicología del aprendizaje  |9 306854 
650 0 |a Psicología educacional   |9 307830 
650 0 |a Educación básica   |9 224933 
650 0 |a Razonamiento  |9 256520 
583 |a last modification  |c 19990326 00:00:00  |k Rodrigo Vera 
999 |c 279677  |d 279675 
952 |0 0  |1 0  |4 0  |6 370_150000000000000_VAL_1995  |7 0  |8 A  |9 319339  |a BIBEDU  |b BIBEDU  |d 2019-11-20  |h v.1  |i 3473309  |o 370.15 VAL 1995  |p 3473309  |r 2019-11-20  |w 2019-11-20  |y BK  |k EPE 
952 |0 0  |1 0  |4 0  |6 370_150000000000000_VAL_1995  |7 0  |8 A  |9 319340  |a BIBEDU  |b BIBEDU  |d 2019-11-20  |h v.2  |i 3473317  |l 2  |o 370.15 VAL 1995  |p 3473317  |r 2025-04-16  |s 2025-04-16  |w 2019-11-20  |y BK  |k EPE